000 00391nam a2200145Ia 4500
008 100122s9999 xx 000 0 und d
082 _b67037
_a823
100 _aअसलेकर प्रशांत
245 _aव्याध
260 _bमधुरा प्रकाशन
_c2005
300 _a272
630 _aव्याध
730 _aव्याध
942 _cBOOK
999 _c439350
_d439347